000 00705nam a2200229Ia 4500
003 OSt
005 20220926021846.0
006 a|||||r|||| 00| 0
007 ta
008 220923b |||||||| |||| 00| 0 eng d
037 _cGeneral Book
040 _aRTL
_cRTL
_beng
041 _2eng
_aeng
082 _aVIN45,933:8.N77, L8
110 _aUNITED NATIONS
245 0 _aIndex to the proceedings of the general Assembly
_b Thirty session (session part ) and thirty -second session (1977)
260 _aNew York
_bUnited Nations
_c1978
300 _aviii,329p
_ccm.
700 _aUNITED NATIONS
942 _hVIN45,933:8.N77, L8
_cGB
_2CC
999 _c637845
_d637845